000 01341nam a22003377a 4500
999 _c13320
_d13320
003 MIRAKIL
005 20211214000614.0
008 190529b tu ||||| |||| 00| 0 tur d
040 _aTR-AnCHP
_cTR-AnCHP
041 _atur
082 _aCHP 324.705651115
_bÇ36ç 2019
090 _aBroşür 534
110 _aCumhuriyet Halk Partisi (CHP)
245 1 0 _aÇubuk'a can gelecek! /
_bDerman belediyeciliği
_cCumhuriyet Halk Partisi.
246 _a2019 Seçimleri
246 _a2019 Yerel Yönetim Seçimleri
246 _a2019 Belediye Seçimleri
260 _aAnkara:
_bCumhuriyet Halk Partisi,
_c2019.
300 _a14 s.:
_brnkl. fotg., çiz.;
_c20 sm.
600 0 _95834
_aKaderoğlu, Can
_cCHP Çubuk Belediye Başkan adayı
_d1989-
_xPropaganda ve ideolojiler
_y31 Mart 2019
610 0 _95196
_aCumhuriyet Halk Partisi (CHP)
_xPropaganda ve ideolojiler
610 0 _95196
_aCumhuriyet Halk Partisi (CHP)
_xseçimler, 2019
650 0 _aSiyaset ve yönetim
_xTürkiye
_99
650 0 _9771
_aSeçimler
_xMahalli idare seçimleri
_y2019
_zTürkiye
651 0 _95835
_aÇubuk, Ankara
_xYerel yönetim seçimleri
_y31 Mart 2019
710 _95198
_aCumhuriyet Halk Partisi Yerel Yönetimler Birimi
740 _a2019 Seçimleri
740 _a2019 Yerel Yönetim Seçimleri
740 _a2019 Belediye Seçimleri
942 _2ddc
_cVIS